Germanistik Internationales Referatenorgan mit bibliographischen Hinweisen

Bibliographic Details
Format: Journal
Language:German
PhysicalDescription:zv. 25 cm
Published: Berlin Boston, Mass. Walter de Gruyter 1960-
ISSN:0016-8912
Online Access:http://www.degruyter.com/germ

MARC

LEADER 00000cas a22000001a 4500
001 vtls008881936
003 SK-MaSNL
005 20260221121127.0
008 160624c19609999gw qr|p 0 0 b0ger d
022 |a 0016-8912 
035 |a (SVKBB03)vtls000107375 
040 |a ŠVKBB  |b slo  |c ŠVKBB  |d SNK  |e AACR2 
041 0 |a ger 
044 |a gw  |c DE 
080 |a 01(05) 
210 0 |a Germanistik  |b (Tüb.) 
222 0 |a Germanistik œb (Tübingen) 
245 0 0 |a Germanistik  |b Internationales Referatenorgan mit bibliographischen Hinweisen 
260 |a Berlin  |a Boston, Mass.  |b Walter de Gruyter  |c 1960- 
300 |a zv.  |c 25 cm 
310 |a 4-krát ročne 
856 4 |u http://www.degruyter.com/germ 
910 |a SNK 
999 |c 7175  |d 9105 
952 |0 0  |1 1  |4 0  |7 0  |8 4  |a SNK  |b SNK  |d 2010-01-28  |i snk2010/1676  |l 0  |o snkČC 4365/43/2002/2  |p 17A0635170  |r 2026-02-21 19:31:29  |t č. 3-4  |w 2026-02-21  |y PREZ 
952 |0 0  |1 1  |4 0  |7 0  |8 4  |a SNK  |b SNK  |d 2010-05-19  |i snk2010/10377  |l 0  |o snkČC 4365/49/2008/1  |p 17A0635773  |r 2026-02-21 19:32:31  |t č. 1-2  |w 2026-02-21  |y PREZ 
952 |0 0  |1 1  |4 0  |7 0  |8 4  |a SNK  |b SNK  |d 2010-05-19  |i snk2010/10378  |l 0  |o snkČC 4365/49/2008/2  |p 17A0635774  |r 2026-02-21 19:32:31  |t č. 3-4  |w 2026-02-21  |y PREZ 
952 |0 0  |1 0  |4 0  |7 0  |8 5  |a SNK  |b SNK  |d 2025-08-06  |i snk2025/12746  |l 0  |o snkČC 4365/54/2013/1  |p 17A1556219  |r 2026-02-21 20:02:27  |t č. 1-2  |w 2026-02-21  |y PREZ 
952 |0 0  |1 1  |4 0  |7 0  |8 4  |a SNK  |b SNK  |d 2011-03-24  |i snk2011/6874  |l 0  |o snkČC 4365/43/2002/1  |p 17A0679379  |r 2026-02-21 20:05:47  |t č. 1  |w 2026-02-21  |y PREZ 
952 |0 0  |1 1  |4 0  |7 0  |8 4  |a SNK  |b SNK  |d 2011-03-24  |i snk2011/6877  |l 0  |o snkČC 4365/44/2003/1  |p 17A0679380  |r 2026-02-21 20:05:47  |t č. 1  |w 2026-02-21  |y PREZ 
952 |0 0  |1 1  |4 0  |7 0  |8 4  |a SNK  |b SNK  |d 2009-06-18  |i snk2009/11224  |l 0  |o snkČC 4365/48/2007/1  |p 17A0609477  |r 2026-02-21 20:07:10  |t č. 1-2  |w 2026-02-21  |y PREZ 
952 |0 0  |1 0  |4 0  |7 0  |8 4  |a SNK  |b SNK  |d 2022-10-12  |i snk2022/15531  |l 0  |o snkČC 4365/60/2019/1  |p 17A1464262  |r 2026-02-21 20:11:57  |t č. 1-2  |w 2026-02-21  |y PREZ 
952 |0 0  |1 0  |4 0  |7 0  |8 4  |a SNK  |b SNK  |d 2022-10-12  |i snk2022/15534  |l 0  |o snkČC 4365/60/2019/2  |p 17A1464263  |r 2026-02-21 20:11:57  |t č. 3-4  |w 2026-02-21  |y PREZ 
952 |0 0  |1 0  |4 0  |7 0  |8 4  |a SNK  |b SNK  |d 2008-06-11  |i snk2008/12348  |l 0  |o snkČC 4365/ reg. 1995-2004  |p 17A0582077  |r 2026-02-21 20:21:54  |t č. reg. 1995-2004  |w 2026-02-21  |y PREZ 
952 |0 0  |1 1  |4 0  |7 0  |8 4  |a SNK  |b SNK  |d 2012-03-20  |i snk2012/6631  |l 0  |o snkČC 4365/50/2009/1  |p 17A0719274  |r 2026-02-21 20:26:47  |t č. 1-2  |w 2026-02-21  |y PREZ 
952 |0 0  |1 0  |4 0  |7 0  |8 4  |a SNK  |b SNK  |d 2020-08-13  |i snk2020/14294  |l 0  |o snkČC 4365/59/2018/1  |p 17A1431025  |r 2026-02-21 20:26:59  |t č. 1-2  |w 2026-02-21  |y PREZ 
952 |0 0  |1 0  |4 0  |7 0  |8 4  |a SNK  |b SNK  |d 2020-08-13  |i snk2020/14296  |l 0  |o snkČC 4365/59/2018/2  |p 17A1431026  |r 2026-02-21 20:26:59  |t č. 3-4  |w 2026-02-21  |y PREZ 
952 |0 0  |1 1  |4 0  |7 0  |8 4  |a SNK  |b SNK  |d 2013-04-23  |i snk2013/9285  |l 0  |o snkČC 4365/51/2010/1  |p 17A0868948  |r 2026-02-21 20:30:54  |t č. 1-2  |w 2026-02-21  |y PREZ 
952 |0 0  |1 1  |4 0  |7 0  |8 4  |a SNK  |b SNK  |d 2013-04-23  |i snk2013/9288  |l 0  |o snkČC 4365/51/2010/2  |p 17A0868949  |r 2026-02-21 20:30:54  |t č. 3-4  |w 2026-02-21  |y PREZ 
952 |0 0  |1 0  |4 0  |7 1  |8 4  |a SNK  |b SNK  |d 2015-01-16  |i snk2015/1271  |l 0  |o snkČC 4365/53/2012  |p 17A0871033  |r 2026-02-21 20:52:08  |t č. 1-4  |w 2026-02-21  |y NEVYP 
952 |0 0  |1 1  |4 0  |7 0  |8 4  |a SNK  |b SNK  |d 2009-06-18  |i snk2009/11228  |l 0  |o snkČC 4365/48/2007/2  |p 17A0609478  |r 2026-02-21 21:01:45  |t č. 3-4  |w 2026-02-21  |y PREZ 
952 |0 0  |1 0  |4 0  |7 0  |8 4  |a SNK  |b SNK  |d 2014-04-25  |i snk2014/10155  |l 0  |o snkČC 4365/52/2011/1  |p 17A0869699  |r 2026-02-21 21:03:01  |t č. 1-2  |w 2026-02-21  |y PREZ 
952 |0 0  |1 0  |4 0  |7 0  |8 4  |a SNK  |b SNK  |d 2014-04-25  |i snk2014/10160  |l 0  |o snkČC 4365/52/2011/2  |p 17A0869700  |r 2026-02-21 21:03:01  |t č. 3-4  |w 2026-02-21  |y PREZ 
952 |0 0  |1 1  |4 0  |7 0  |8 4  |a SNK  |b SNK  |d 2008-06-11  |i snk2008/12349  |l 0  |o snkČC 4365/ 45/2004/1  |p 17A0582075  |r 2026-02-21 21:23:01  |t č. 1,2  |w 2026-02-21  |y PREZ 
952 |0 0  |1 1  |4 0  |7 0  |8 4  |a SNK  |b SNK  |d 2008-06-11  |i snk2008/12350  |l 0  |o snkČC 4365/ 45/2004/2  |p 17A0582076  |r 2026-02-21 21:23:01  |t č. 3,4  |w 2026-02-21  |y PREZ 
952 |0 0  |1 1  |4 0  |7 0  |8 4  |a SNK  |b SNK  |d 2008-06-11  |i snk2008/12351  |l 0  |o snkČC 4365/46/2005/1  |p 17A0582078  |r 2026-02-21 21:23:01  |t č. 1,2  |w 2026-02-21  |y PREZ 
952 |0 0  |1 1  |4 0  |7 0  |8 4  |a SNK  |b SNK  |d 2008-06-11  |i snk2008/12352  |l 0  |o snkČC 4365/46/2005/2  |p 17A0582080  |r 2026-02-21 21:23:01  |t č. 3,4  |w 2026-02-21  |y PREZ 
952 |0 0  |1 1  |4 0  |7 0  |8 4  |a SNK  |b SNK  |d 2008-06-11  |i snk2008/12353  |l 0  |o snkČC 4365/47/2006/1  |p 17A0582081  |r 2026-02-21 21:23:01  |t č. 1,2  |w 2026-02-21  |y PREZ 
952 |0 0  |1 1  |4 0  |7 0  |8 4  |a SNK  |b SNK  |d 2008-06-11  |i snk2008/12354  |l 0  |o snkČC 4365/47/2006/2  |p 17A0582079  |r 2026-02-21 21:23:01  |t č. 3,4  |w 2026-02-21  |y PREZ 
952 |0 0  |1 0  |4 0  |7 0  |8 4  |a SNK  |b SNK  |d 2015-06-10  |i snk2015/18064  |l 0  |o snkČC 4365/54/2013/2  |p 17A1096576  |r 2026-02-21 21:45:31  |t č. 3-4  |w 2026-02-21  |y PREZ 
952 |0 0  |1 0  |4 0  |7 0  |8 4  |a SNK  |b SNK  |d 2017-01-23  |i snk2017/1898  |l 0  |o snkČC 4365/55/2014/1  |p 17A1204469  |r 2026-02-21 21:48:08  |t č. 1-2  |w 2026-02-21  |y PREZ 
952 |0 0  |1 0  |4 0  |7 0  |8 4  |a SNK  |b SNK  |d 2017-01-23  |i snk2017/1899  |l 0  |o snkČC 4365/55/2014/2  |p 17A1204470  |r 2026-02-21 21:48:08  |t č. 3-4  |w 2026-02-21  |y PREZ 
952 |0 0  |1 0  |4 0  |7 0  |8 4  |a SNK  |b SNK  |d 2019-09-11  |i snk2019/22754  |l 0  |o snkČC 4365/58/2017/1  |p 17A1368246  |r 2026-02-21 21:52:09  |t č. 1-2  |w 2026-02-21  |y PREZ 
952 |0 0  |1 0  |4 0  |7 0  |8 4  |a SNK  |b SNK  |d 2019-09-11  |i snk2019/22756  |l 0  |o snkČC 4365/58/2017/2  |p 17A1368247  |r 2026-02-21 21:52:09  |t č. 3-4  |w 2026-02-21  |y PREZ 
952 |0 0  |1 0  |4 0  |7 0  |8 4  |a SNK  |b SNK  |d 2017-10-02  |i snk2017/21141  |l 0  |o snkČC 4365/56/2015/1  |p 17A1264120  |r 2026-02-21 21:56:11  |t č. 1-2  |w 2026-02-21  |y PREZ 
952 |0 0  |1 0  |4 0  |7 0  |8 4  |a SNK  |b SNK  |d 2017-10-02  |i snk2017/21142  |l 0  |o snkČC 4365/56/2015/2  |p 17A1264121  |r 2026-02-21 21:56:11  |t č. 3-4  |w 2026-02-21  |y PREZ 
952 |0 0  |1 0  |4 0  |7 0  |8 4  |a SNK  |b SNK  |d 2018-10-26  |i snk2018/22249  |l 0  |o snkČC 4365/57/2016/1  |p 17A1339901  |r 2026-02-21 21:58:02  |t č. 1-2  |w 2026-02-21  |y PREZ 
952 |0 0  |1 0  |4 0  |7 0  |8 4  |a SNK  |b SNK  |d 2018-10-26  |i snk2018/22253  |l 0  |o snkČC 4365/57/2016/2  |p 17A1339902  |r 2026-02-21 21:58:02  |t č. 3-4  |w 2026-02-21  |y PREZ